<?xml version="1.0" encoding="UTF-8"?>
<record
    xmlns:xsi="http://www.w3.org/2001/XMLSchema-instance"
    xsi:schemaLocation="http://www.loc.gov/MARC21/slim http://www.loc.gov/standards/marcxml/schema/MARC21slim.xsd"
    xmlns="http://www.loc.gov/MARC21/slim">

  <leader>00737cam a22002171  4500</leader>
  <controlfield tag="001">ne 62001213 </controlfield>
  <controlfield tag="003">DLC</controlfield>
  <controlfield tag="005">20260227111737.0</controlfield>
  <controlfield tag="008">890329m19591960ua            000 0 ararc</controlfield>
  <datafield tag="010" ind1=" " ind2=" ">
    <subfield code="a">ne 62001213 </subfield>
  </datafield>
  <datafield tag="035" ind1=" " ind2=" ">
    <subfield code="a">(OCoLC)19475161</subfield>
  </datafield>
  <datafield tag="040" ind1=" " ind2=" ">
    <subfield code="a">Princeton Univ. Libr.</subfield>
    <subfield code="c">CU</subfield>
    <subfield code="d">CU</subfield>
    <subfield code="d">FU</subfield>
    <subfield code="d">DLC</subfield>
  </datafield>
  <datafield tag="050" ind1="0" ind2="0">
    <subfield code="a">DT107.83</subfield>
    <subfield code="b">.S28</subfield>
  </datafield>
  <datafield tag="100" ind1="1" ind2=" ">
    <subfield code="a">Sa&#x2BB;&#x12B;d, Am&#x12B;n.</subfield>
  </datafield>
  <datafield tag="245" ind1="1" ind2="3">
    <subfield code="a">al-Jumh&#x16B;r&#x12B;yah al-&#x2BB;Arab&#x12B;yah al-Mutta&#x1E25;idah,</subfield>
    <subfield code="c">ta&#x2BC;l&#x12B;f Am&#x12B;n Sa&#x2BB;&#x12B;d.</subfield>
  </datafield>
  <datafield tag="260" ind1=" " ind2=" ">
    <subfield code="a">[al-Q&#x101;hirah]</subfield>
    <subfield code="b">&#x2BB;&#x12A;ssa al-B&#x101;b&#x12B; al-&#x1E24;alab&#x12B;</subfield>
    <subfield code="c">[1959-1960]</subfield>
  </datafield>
  <datafield tag="300" ind1=" " ind2=" ">
    <subfield code="a">2 v.</subfield>
    <subfield code="c">26 cm.</subfield>
  </datafield>
  <datafield tag="490" ind1="0" ind2=" ">
    <subfield code="a">Silsilat kutub t&#x101;rikh al-&#x2BB;Arab al-&#x1E25;ad&#x12B;th,</subfield>
    <subfield code="v">15</subfield>
  </datafield>
  <datafield tag="651" ind1=" " ind2="0">
    <subfield code="a">United Arab Republic</subfield>
    <subfield code="x">Politics and government.</subfield>
  </datafield>
  <datafield tag="651" ind1=" " ind2="0">
    <subfield code="a">United Arab Republic</subfield>
    <subfield code="x">Foreign relations.</subfield>
  </datafield>
  <datafield tag="999" ind1=" " ind2=" ">
    <subfield code="c">45223</subfield>
    <subfield code="d">45223</subfield>
  </datafield>
</record>
